[Event "Rhein Main op-B 22nd"]
[Site "Bad Homburg"]
[Date "2019.06.21"]
[Round "4"]
[White "Badan, Tarkan"]
[Black "Schrader, Christian"]
[Result "1/2-1/2"]
[WhiteElo "1445"]
[BlackElo "1735"]
[PlyCount "56"]
[EventDate "2019.06.19"]
[EventType "swiss"]
[EventRounds "7"]
[EventCountry "GER"]
[SourceTitle "EXT 2020"]
[Source "ChessBase"]
[SourceDate "2019.10.17"]
[SourceVersion "1"]
[SourceVersionDate "2019.10.17"]
[SourceQuality "1"]

1. e4 Nf6 2. Nc3 e5 3. Nf3 Bb4 4. a3 Bxc3 5. bxc3 d6 6. d3 h6 7. g3 Be6 8. Bg2 Qd7 9. h3 c6 10. c4 Na6 11. Qe2 0-0 12. Nh4 d5 13. cxd5 cxd5 14. exd5 Bxd5 15. 0-0 Bxg2 16. Kxg2 Qd5+ 17. Kh2 Nc5 18. Bb2 Rfe8 19. Rfe1 Ncd7 20. Rad1 Rad8 21. Nf3 e4 22. dxe4 Qxe4 23. Qxe4 Nxe4 24. Bd4 b6 25. Kg2 Kf8 26. Nh4 Nec5 27. Nf5 Rxe1 28. Rxe1 Ne6 1/2-1/2

[Event "Rhein Main op-B 17th"]
[Site "Bad Homburg"]
[Date "2014.06.21"]
[Round "5"]
[White "Nixdorf, Andre"]
[Black "Schrader, Christian"]
[Result "1-0"]
[WhiteElo "1961"]
[BlackElo "1873"]
[PlyCount "77"]
[EventDate "2014.06.18"]
[EventType "swiss"]
[EventRounds "9"]
[EventCountry "GER"]
[SourceTitle "CBM 161 Extra"]
[Source "ChessBase"]
[SourceDate "2014.08.29"]
[SourceVersion "1"]
[SourceVersionDate "2014.08.29"]
[SourceQuality "1"]

1. e4 Nf6 2. e5 Nd5 3. d4 d6 4. c4 Nb6 5. exd6 exd6 6. Nc3 Be7 7. Bd3 Nc6 8. Nge2 0-0 9. 0-0 Nb4 10. Bb1 a5 11. a3 Na6 12. Be3 Bg4 13. h3 Bh5 14. Bd3 Bg6 15. Re1 Bxd3 16. Qxd3 d5 17. c5 Nc4 18. Bc1 a4 19. Nxa4 Qd7 20. b3 Bf6 21. Qc2 b5 22. cxb6 Nxb6 23. Nac3 c5 24. Be3 c4 25. b4 Nc7 26. a4 Rfb8 27. b5 Ra5 28. Ra2 Be7 29. Rb1 Rba8 30. Bd2 Bd6 31. Rba1 Qe6 32. Be3 Qe7 33. Qf5 Re8 34. Qf3 Bb4 35. Bf4 Ne6 36. Nxd5 Nxd5 37. Qxd5 Nxf4 38. Nxf4 Bd6 39. Re2 1-0

[Event "Koblenz-ch"]
[Site "Koblenz"]
[Date "2004.11.16"]
[Round "7"]
[White "Ley, Reinhard"]
[Black "Schrader, Christian"]
[Result "0-1"]
[WhiteElo "1617"]
[BlackElo "1829"]
[PlyCount "52"]
[EventDate "2004.09.21"]
[EventType "swiss"]
[EventRounds "7"]
[EventCountry "GER"]
[SourceTitle "EXT 2005"]
[Source "ChessBase"]
[SourceDate "2004.11.15"]
[SourceVersion "1"]
[SourceVersionDate "2004.11.15"]
[SourceQuality "1"]

1. d4 Nf6 2. Nf3 d6 3. c4 Nbd7 4. Nc3 e5 5. dxe5 dxe5 6. Bg5 c6 7. a3 a5 8. Qc2 Be7 9. Rd1 Qc7 10. e3 0-0 11. Ne4 h6 12. Bh4 Re8 13. Bd3 Nxe4 14. Bxe4 Bf8 15. Bg3 Nc5 16. Bh7+ Kh8 17. h4 Bg4 18. Bf5 Bh5 19. Bh2 Bxf3 20. gxf3 a4 21. f4 e4 22. Rd4 Nb3 23. Rd7 Qa5+ 24. Qc3 Qxf5 25. Rd1 Rad8 26. Rg1 Qh5 0-1

[Event "Koblenz-ch"]
[Site "Koblenz"]
[Date "2004.11.09"]
[Round "6"]
[White "Freise, Friedhelm"]
[Black "Schrader, Christian"]
[Result "1-0"]
[WhiteElo "2123"]
[BlackElo "1829"]
[PlyCount "57"]
[EventDate "2004.09.21"]
[EventType "swiss"]
[EventRounds "7"]
[EventCountry "GER"]
[SourceTitle "EXT 2005"]
[Source "ChessBase"]
[SourceDate "2004.11.15"]
[SourceVersion "1"]
[SourceVersionDate "2004.11.15"]
[SourceQuality "1"]

1. c4 Nf6 2. Nf3 g6 3. b3 Bg7 4. Bb2 0-0 5. g3 c6 6. Bg2 d5 7. 0-0 dxc4 8. bxc4 Qb6 9. Qc2 Bf5 10. d3 c5 11. Nc3 Nc6 12. Rab1 Rad8 13. Nd5 Nxd5 14. Bxg7 Kxg7 15. Rxb6 Nxb6 16. Qb2+ f6 17. Qb5 e5 18. Qxc5 e4 19. Nh4 exd3 20. Nxf5+ gxf5 21. exd3 Rxd3 22. Qxf5 Rdd8 23. Re1 Ne5 24. c5 Nbd7 25. Bxb7 Nxc5 26. Rxe5 Nxb7 27. Re7+ Rf7 28. Rxf7+ Kxf7 29. Qxh7+ 1-0

[Event "Koblenz-ch"]
[Site "Koblenz"]
[Date "2004.10.05"]
[Round "3"]
[White "Schrader, Christian"]
[Black "Warkentin, Peter"]
[Result "1-0"]
[WhiteElo "1829"]
[BlackElo "1575"]
[PlyCount "79"]
[EventDate "2004.09.21"]
[EventType "swiss"]
[EventRounds "7"]
[EventCountry "GER"]
[SourceTitle "EXT 2005"]
[Source "ChessBase"]
[SourceDate "2004.11.15"]
[SourceVersion "1"]
[SourceVersionDate "2004.11.15"]
[SourceQuality "1"]

1. d4 d5 2. Nf3 Nf6 3. c4 c6 4. Qc2 g6 5. cxd5 cxd5 6. Bf4 Nc6 7. Nc3 a6 8. e3 Qb6 9. a3 Bf5 10. Qd2 Qb3 11. Rc1 Ne4 12. Nxe4 Bxe4 13. Ne5 Nxe5 14. Bxe5 f6 15. Rc3 Qa4 16. Bg3 Bg7 17. f3 Bf5 18. Be2 0-0 19. Bd1 Qe8 20. Bb3 Qd8 21. Rc5 e6 22. Bc7 Qd7 23. g4 Bxg4 24. fxg4 Rfc8 25. Bb6 Rxc5 26. dxc5 Qc6 27. 0-0 Kh8 28. a4 Re8 29. Qg2 Re7 30. Rc1 Qd7 31. c6 bxc6 32. Qc2 e5 33. h3 Re6 34. e4 Bh6 35. exd5 cxd5 36. Qc8+ Qxc8 37. Rxc8+ Kg7 38. Bc5 f5 39. Bxd5 Rf6 40. Rg8# 1-0